[Event "British Universities-ch"]
[Site "Chess.com INT"]
[Date "2022.03.05"]
[Round "2.3"]
[White "Cooper, Leon"]
[Black "Farley, Harry"]
[Result "1-0"]
[WhiteElo "1860"]
[BlackElo "1462"]
[PlyCount "45"]
[EventDate "2022.03.05"]
[EventType "swiss"]
[EventRounds "9"]
[EventCountry "ENG"]
[SourceTitle "EXT 2023"]
[Source "ChessBase"]
[SourceDate "2022.10.05"]
[SourceVersion "1"]
[SourceVersionDate "2022.10.05"]
[SourceQuality "1"]
[WhiteTeam "Exeter"]
[BlackTeam "Cardiff"]
[WhiteTeamCountry "ENG"]
[BlackTeamCountry "WLS"]

1. d4 d5 2. c4 e6 3. Nc3 Nf6 4. Nf3 Bb4 5. Qa4+ Nc6 6. Bg5 Be7 7. Ne5 Bd7 8. Nxd7 Qxd7 9. e3 0-0 10. Bd3 Ne8 11. Bxe7 Qxe7 12. cxd5 exd5 13. 0-0 Rd8 14. Qb5 Qb4 15. Rac1 Qxb5 16. Nxb5 a6 17. Nc3 Nf6 18. Ne2 Rd6 19. Ng3 Nb4 20. Bb1 Rc6 21. a3 Rxc1 22. Rxc1 Nd3 23. Bxd3 1-0

[Event "British Universities-ch"]
[Site "Chess.com INT"]
[Date "2022.03.05"]
[Round "9.3"]
[White "Cooper, Leon"]
[Black "Huntington, Samuel"]
[Result "1-0"]
[WhiteElo "1860"]
[BlackElo "1601"]
[PlyCount "121"]
[EventDate "2022.03.05"]
[EventType "swiss"]
[EventRounds "9"]
[EventCountry "ENG"]
[SourceTitle "EXT 2023"]
[Source "ChessBase"]
[SourceDate "2022.10.05"]
[SourceVersion "1"]
[SourceVersionDate "2022.10.05"]
[SourceQuality "1"]
[WhiteTeam "Exeter"]
[BlackTeam "LSE"]
[WhiteTeamCountry "ENG"]
[BlackTeamCountry "ENG"]

1. d4 d5 2. c4 e6 3. Nc3 Nf6 4. Nf3 b6 5. Bg5 Be7 6. e3 Bb7 7. cxd5 Nxd5 8. Bxe7 Qxe7 9. Rc1 Nd7 10. Bd3 c6 11. 0-0 0-0 12. Qc2 h6 13. a3 Rfc8 14. Qe2 c5 15. Nxd5 exd5 16. Rc2 c4 17. Bf5 Rc7 18. Rfc1 g6 19. Bxd7 Qxd7 20. b3 b5 21. Ne5 Qe7 22. a4 a6 23. Qd2 Qa3 24. Qa5 Rac8 25. b4 Qxa4 26. Qxa4 bxa4 27. Kf1 Kg7 28. Nd3 Bc6 29. Nc5 Bb5 30. Rc3 Ra8 31. f3 Kf6 32. Ke2 Ke7 33. Ra1 Kd6 34. Nxa4 Bxa4 35. Rxa4 Rb7 36. Rca3 Rb6 37. Kd2 Kc6 38. Kc3 Kb7 39. Ra5 Rb5 40. e4 dxe4 41. fxe4 Rxa5 42. Rxa5 Kb6 43. Kxc4 Rc8+ 44. Rc5 Re8 45. e5 h5 46. h4 Rd8 47. d5 Re8 48. Kd4 Re7 49. d6 Rd7 50. Kd5 Kb7 51. e6 fxe6+ 52. Kxe6 Rd8 53. Ke7 Rh8 54. d7 Rh7+ 55. Ke6 Rh8 56. Kf6 a5 57. Rxa5 Rd8 58. Rd5 Kc7 59. Kxg6 Rxd7 60. Rxd7+ Kxd7 61. Kxh5 1-0

[Event "British Universities-ch"]
[Site "Chess.com INT"]
[Date "2022.03.05"]
[Round "8.3"]
[White "Yanamandra, Aditya"]
[Black "Cooper, Leon"]
[Result "1/2-1/2"]
[WhiteElo "1818"]
[BlackElo "1860"]
[PlyCount "121"]
[EventDate "2022.03.05"]
[EventType "swiss"]
[EventRounds "9"]
[EventCountry "ENG"]
[SourceTitle "EXT 2023"]
[Source "ChessBase"]
[SourceDate "2022.10.05"]
[SourceVersion "1"]
[SourceVersionDate "2022.10.05"]
[SourceQuality "1"]
[WhiteTeam "Exeter II"]
[BlackTeam "Exeter"]
[WhiteTeamCountry "ENG"]
[BlackTeamCountry "ENG"]

1. d4 Nf6 2. c4 e6 3. Nc3 c5 4. d5 exd5 5. cxd5 d6 6. Nf3 g6 7. e4 Bg7 8. Bd3 Bg4 9. h3 Bxf3 10. Qxf3 0-0 11. 0-0 Nbd7 12. Bf4 Ne8 13. Rac1 Ne5 14. Bxe5 Bxe5 15. Bb5 a6 16. Bd3 Qd7 17. b3 b5 18. Ne2 Ng7 19. Qg4 Qxg4 20. hxg4 Ne8 21. f4 Bg7 22. Rc2 Nf6 23. g5 Nd7 24. g4 f6 25. gxf6 Bxf6 26. Kg2 Kg7 27. g5 Be7 28. Rb2 h6 29. gxh6+ Kxh6 30. Rh1+ Kg7 31. a4 b4 32. Rbb1 a5 33. Rbf1 Rh8 34. Kg3 Rxh1 35. Rxh1 Rh8 36. Rxh8 Kxh8 37. Ng1 Kg7 38. Nf3 Bf6 39. Nd2 Nb6 40. Kg4 Bc3 41. Nf3 Bf6 42. e5 dxe5 43. fxe5 Bd8 44. Be4 c4 45. bxc4 Nxc4 46. d6 b3 47. Nd4 Nxe5+ 48. Kf4 Nc4 49. Ne6+ Kf6 50. Nxd8 Nxd6 51. Bd3 b2 52. Nc6 Nc4 53. Nd4 Nd2 54. Nc6 b1Q 55. Bxb1 Nxb1 56. Nxa5 Nc3 57. Nc4 Nxa4 58. Ne5 g5+ 59. Kg4 Nc5 60. Nf3 Ne6 61. Nxg5 1/2-1/2